Текст томруулах:    
1996 ACEEE Summer Study on Energy Efficiency in Buildings (Бичлэгийн дугаар. 145362)
000 -УДИРДЛАГА
Удирдлага 00738nam a22002297a 4500
003 - ХЯНАЛТЫН ТОО ТОДОРХОЙЛОГЧ
Код MN-UlNUM
005 - БИЧИЛТ ХИЙСЭН ОГНОО
Тухайн бичилтийг бичсэн засварласан сүүлийн огноо 20251106123148.0
008 - ЕРӨНХИЙ МЭДЭЭЛЭЛ
Ерөнхий мэдээлэл 251103s1996 ctu 000 | eng d
040 ## - БИЧЛЭГ ҮҮСГЭГЧ БАЙГУУЛЛАГА
Бичлэг үүсгэгч номын сангийн код МУИС-ийн номын сан
084 ## - ББК АНГИЛАЛ
Нэмэлт тусгалт Эрдэм шинжилгээний хурлын эмхэтгэл
ББК ангилал 31.19
Зохиогчийн гурван тэмдэгт O-57
Мэдлэгийн ялгаа 3 - Техник
111 ## - ЭРХЛЭН ГАРГАСАН /ХУРАЛ, ЧУУЛГАН/
Эрхлэн гаргасан хурал ACEEE Summer Study on Energy Efficiency in Buildings
Date of meeting 1996
245 ## - ҮНДСЭН ГАРЧИГ
Номын нэр 1996 ACEEE Summer Study on Energy Efficiency in Buildings
Бага гарчгийн мэдээ Energy efficiency and the utility of the future: Proceeding 7
260 ## - ГАРАЛТЫН МЭДЭЭ
Хэвлэгдсэн газар Connecticut, Avenue
Хэвлэлийн газар American Council for an Energy- Efficient Economy
Хэвлэгдсэн он 1996
300 ## - МАТЕРИАЛЫН ТОДОРХОЙЛОЛТ
хуудасны тоо 188
500 ## - Тайлбар
Дансны дугаар БС 5670
546 ## - ХЭЛНИЙ ТУХАЙ МЭДЭЭ
Хэл Англи хэл дээр,
653 ## - Түлхүүр үг
Түлхүүр үг energy efficiency
653 ## - Түлхүүр үг
Түлхүүр үг buildings
653 ## - Түлхүүр үг
Түлхүүр үг utilities of the future
942 ## - ЭЛЕМЕНТИЙН ТӨРӨЛ
Зүйлийн төрөл Ном